000 01475nam0a2200361 4500
001 RU\NLR\BIBL_A\012009568
005 20190701163853.0
010 _a978-5-471-00751-2
_9423
021 _aRU
_bКН-П-19-027971
_9КН-П-19-2112
035 _a(NLR Aleph) 012009568
035 _a(RuMoRGB)009951454
090 _a11444100
_c11444100
100 _a20190514d2019 k y0rusy50 ca
101 0 _arus
102 _aRU
105 _aabchz|||001zy
200 1 _aАэропорт Оймякон - история и судьбы
_e[монография]
_fС.С. Слепцов
205 _a2-е изд., перераб. и доп.
210 _aЯкутск
_cМедиа-холдинг Якутия
_d2019
215 _a399, [9] с.
_cил., портр., карт., факс., табл.
_d25
320 _aБиблиогр.: с. 397-399 и в подстроч. примеч.
320 _aИмен. указ. в конце кн.
601 0 2 _aАэропорт
_cОймякон, село; Саха (Якутия), Республика
_2nlr_sh2
_3RU\NLR\AUTH\6601658119
610 0 _aаэропорт Оймякон
686 1 _aУ37(2)510.3(2Р-6Я)
700 1 _aСлепцов
_bС. С.
_gСпиридон Спиридонович
942 _cBOOK
980 _aNBR
980 _aNB